Priekopníci vedy a techniky na Slovensku /

Gespeichert in:
Bibliographische Detailangaben
1. Verfasser: Tibenský, Ján (Verfasst von)
Format: Buch
Veröffentlicht: Bratislava : Obzor, 1986
Tags: Tag hinzufügen
Keine Tags, Fügen Sie das erste Tag hinzu!

MARC

LEADER 00000nam a22000003a 4500
001 stu19441
005 20150617225751.7
008 ------s1986----cs----------------------d
040 |a STU  |b slo 
041 0
044 |a cs 
080 |a 001 
080 |a 62 
080 |a 943.76 
100 1 |a Tibenský, Ján  |4 aut 
245 1 |a Priekopníci vedy a techniky na Slovensku /  |c [aut.]Tibenský,Ján a kol 
260 |a Bratislava :  |b Obzor,  |c 1986 
300 |a 428 s :  |b Obr.,lit.,index 
996 |b C77536  |c C*77536  |l CCV  |s P  |a 0  |w stu19441_0001